| 000 | 01042pam a2200325 a 4500 | ||
|---|---|---|---|
| 001 | 4259753 | ||
| 005 | 20251020125439.0 | ||
| 008 | 840706s1985 enka b 001 0 eng | ||
| 010 | _a 84015553 | ||
| 020 | _a0412260409 | ||
| 020 |
_a0412260506 _qpbk. |
||
| 020 | _a9780412260407 | ||
| 020 |
_a9780412260506 _q(pbk.) |
||
| 035 | _a4259753 | ||
| 040 |
_aDLC _cDLC _dDLC |
||
| 082 | 0 | 0 |
_a620.1 _bW939 A |
| 100 | 1 |
_aWranglén, Gösta. _9131257 |
|
| 245 | 1 | 3 |
_aAn introduction to corrosion and protection of metals / _cGösta Wranglén. |
| 260 |
_aLondon ; _aNew York : _bChapman and Hall, _c1985. |
||
| 300 |
_axvi, 288 p. : _bill. ; _c24 cm. |
||
| 336 |
_atext _btxt _2rdacontent |
||
| 337 |
_aunmediated _bn _2rdamedia |
||
| 338 |
_avolume _bnc _2rdacarrier |
||
| 500 | _aIncludes index. | ||
| 504 | _aBibliography: p. 276-277. | ||
| 650 | 0 |
_aCorrosion and anti-corrosives. _940953 |
|
| 906 |
_a7 _bcbc _corignew _d1 _eocip _f19 _gy-gencatlg |
||
| 942 |
_2ddc _cBK |
||
| 999 |
_c615211 _d615211 |
||